History Quiz

Random History or Country Quiz

Countries of the Viking Empires Quiz Stats

 Plays Quiz Updated Dec 9, 2016

Challenge
Share
Tweet
Embed
Score 0/22 Timer 03:00
6 Plays Today
Years in Empire Modern Country % Correct
5th C - PresentSweden
98.7%
5th C - PresentNorway
98.6%
5th C - PresentDenmark
97.4%
8th - 11th CFinland
95.9%
8th - 11th CRussia
95.7%
867-1470United Kingdom
95.5%
841-1315France
95%
804-1720Germany
94.9%
874-1262Iceland
93.7%
795-1014Ireland
89.7%
8th C - 1720Poland
88.6%
Years in Empire Modern Country % Correct
c. 840-920Netherlands
86.3%
c. 750-800Latvia
86.1%
8th -12th CEstonia
85.6%
8th - 9th CLithuania
84.4%
985-early 11th CCanada
82.7%
9th - 13th CUkraine
72%
9th-13th CBelarus
67.1%
c. 10-11thTurkey
45.5%
c. 1036Georgia
28.2%
943Azerbaijan
20.4%
c. 10th CIran
16.4%

You're not logged in!

Compare scores with friends on all Sporcle quizzes.
OR
Log In

You Might Also Like...

Show Comments

Extras

Top Quizzes Today


Score Distribution

Your Account Isn't Verified!

In order to create a playlist on Sporcle, you need to verify the email address you used during registration. Go to your Sporcle Settings to finish the process.

Report this User

Report this user for behavior that violates our Community Guidelines.

Details: